Statistics for The Umbrella Academy Characters by Picture

Click here to take the quiz!

General Stats

  • This quiz has been taken 20 times
  • The average score is 18 of 28

Answer Stats

Answer% Correct
Viktor
100%
Ben
93%
Diego
93%
Luther
93%
Number Five
93%
Allison
86%
Cha Cha
86%
Grace
86%
Klaus
86%
Pogo
86%
sir Reginald
86%
Hazel
79%
Delores
71%
Leonard
64%
Sloane
64%
Lila
57%
Sissy
57%
The Handler
57%
The Swedes
57%
Herb
50%
Marcus
50%
Atlas Jericho "A.J." Carmichael
43%
Jayme
43%
Ray
43%
Christopher
36%
Fei
36%
Harlan
29%
Alphonso
21%

Score Distribution

Percentile by Number Answered

Percent of People with Each Score

Your Score History

You have not taken this quiz